| 000 | 00650nam a2200229Ia 4500 | ||
|---|---|---|---|
| 003 | OSt | ||
| 005 | 20220925232214.0 | ||
| 006 | a|||||r|||| 00| 0 | ||
| 007 | ta | ||
| 008 | 220923b |||||||| |||| 00| 0 eng d | ||
| 037 | _cGeneral Book | ||
| 040 |
_aRTL _cRTL _beng |
||
| 041 |
_2eng _aeng |
||
| 082 | _aY:5.2795sP11, Q4 | ||
| 100 | _aCENSUS OF INDIA 2011 | ||
| 245 | 0 |
_aPrimary census abstract _b Mizora, |
|
| 260 |
_aMizoram _bGovt. press _c2014 |
||
| 300 |
_acxvi ; 196 _ccm. |
||
| 500 | _aBibliography: P 249-250 | ||
| 942 |
_hY:5.2795sP11, Q4 _cGB _2CC |
||
| 999 |
_c590651 _d590651 |
||